Online
Catalog

Trujillo en su justa dimensión / (Record no. 51043)

MARC details
000 -CABECERA
campo de control de longitud fija 02130nam a22003137i 4500
003 - IDENTIFICADOR DEL NÚMERO DE CONTROL
campo de control DO-SdBNP
005 - FECHA Y HORA DE LA ÚLTIMA TRANSACCIÓN
campo de control 20250630100924.0
007 - CAMPO FIJO DE DESCRIPCIÓN FÍSICA--INFORMACIÓN GENERAL
campo de control de longitud fija ta
008 - DATOS DE LONGITUD FIJA--INFORMACIÓN GENERAL
campo de control de longitud fija 211125b2019 dr ||||| |||| 00| 0 spa d
040 ## - FUENTE DE LA CATALOGACIÓN
Centro catalogador/agencia de origen DO-SdBNP
Lengua de catalogación spa
Centro/agencia transcriptor BNPHU
Normas de descripción rda
082 #4 - NÚMERO DE LA CLASIFICACIÓN DECIMAL DEWEY
Número de clasificación 972.93053
Número de documento/Ítem T866g
Número de edición 22
100 1# - ENTRADA PRINCIPAL--NOMBRE DE PERSONA
Nombre de persona Garrido Jansen, Luis José
Fechas asociadas al nombre autor
Código de función/relación aut.
9 (RLIN) 80741
245 10 - MENCIÓN DE TÍTULO
Título Trujillo en su justa dimensión /
Mención de responsabilidad, etc. Luis José Garrido Jansen ; cuidado de la edición y prólogo, Ángela Garrido Jansen.
264 #4 - PRODUCCIÓN, PUBLICACIÓN, DISTRIBUCIÓN, FABRICACIÓN Y COPYRIGHT
Producción, publicación, distribución, fabricación y copyright Santo Domingo :
Nombre del de productor, editor, distribuidor, fabricante Ediciones Azuanas,
Fecha de producción, publicación, distribución, fabricación o copyright ©2019.
300 ## - DESCRIPCIÓN FÍSICA
Extensión 76 páginas :
Otras características físicas ilustraciones, fotos ;
Dimensiones 23 cm.
336 ## - TIPO DE CONTENIDO
Término de tipo de contenido texto
Código de tipo de contenido txt
Fuente rdacontent
337 ## - TIPO DE MEDIO
Nombre/término del tipo de medio sin mediación
Código del tipo de medio n
Fuente rdamedia
338 ## - TIPO DE SOPORTE
Nombre/término del tipo de soporte volumen
Código del tipo de soporte nc
Fuente rdacarrier
500 ## - NOTA GENERAL
Nota general Incluye datos biográficos del autor en las solapas
500 ## - NOTA GENERAL
Nota general Incluye referencias bibliográficas y notas al pie de las páginas
504 ## - NOTA DE BIBLIOGRAFÍA, ETC.
Nota de bibliografía, etc. Bibliografía : p. 75-76
505 ## - NOTA DE CONTENIDO CON FORMATO
Nota de contenido con formato Prólogo -- Presentación -- Capítulo I. Orígenes y formación militar de Trujillo -- Capítulo II. Perfil psicológico de Trujillo -- Capítulo III. Gobierno de Trujillo -- Capítulo IV. Cuando el poder es coercitivo -- Capítulo V. Reelección de «La Era» -- Capítulo VI. El problema fronterizo -- Capítulo VII. Migración haitiana hacia territorio dominicano. Acontecimientos del año 1937 -- Capítulo VIII. La deuda externa y su liberación -- Capítulo IX. Luces del régimen de Trujillo -- Capítulo X. Control cambiario versus libertad cambiaria -- Capítulo XI. Expediciones armadas contra el régimen de Trujillo -- Expedición de Mariel -- Expedición de Cayo Confites -- Expedición de Luperón -- Expedición del 14 de junio de 1959 -- Capítulo XII. Caída del régimen de Trujillo -- Capítulo XIII. Democracia versus dictadura -- Epílogo -- Bibliografía,
590 ## - NOTA LOCAL (RLIN)
Nota local Inventariado, 2021 /LP<br/><br/>
600 10 - PUNTO DE ACCESO ADICIONAL DE MATERIA--NOMBRE DE PERSONA
Nombre de persona Trujillo Molina, Rafael Leónidas
Fechas asociadas al nombre 1891-1961
651 10 - PUNTO DE ACCESO ADICIONAL DE MATERIA--NOMBRE GEOGRÁFICO
Nombre geográfico República Dominicana
Subdivisión general Historia
Subdivisión cronológica Era de Trujillo, 1930-1961
9 (RLIN) 78796
700 1# - PUNTO DE ACCESO ADICIONAL--NOMBRE DE PERSONA
Nombre de persona Garrido Jansen, Ángela,
Término indicativo de función/relación editor y prologuista
9 (RLIN) 80742
Código de función/relación ed.
910 ## - DATOS DE OPCIÓN DEL USUARIO (OCLC)
Datos de opción del usuario Validado. Control de calidad MFF
942 ## - ELEMENTOS DE PUNTO DE ACCESO ADICIONAL (KOHA)
Fuente del sistema de clasificación o colocación Dewey Decimal Classification
Tipo de ítem Koha Libro
Holdings
Estado de retiro Estado de pérdida Fuente del sistema de clasificación o colocación Restricciones de uso No para préstamo Código de colección Localización permanente Ubicación/localización actual Ubicación en estantería Fecha de adquisición Fuente de adquisición Total de préstamos Signatura topográfica completa Código de barras Fecha visto por última vez Precio válido a partir de Tipo de ítem Koha Número de copia
    Dewey Decimal Classification Excluido de préstamo   Patrimonio Dominicano Biblioteca Nacional Pedro Henríquez Ureña Biblioteca Nacional Pedro Henríquez Ureña Depósito 25.11.2021 Depósito legal   BNPHU PD 972.93053 T866g 2021-28344 25.11.2021 25.11.2021 Libro  
    Dewey Decimal Classification Excluido de préstamo   Patrimonio Dominicano Biblioteca Nacional Pedro Henríquez Ureña Biblioteca Nacional Pedro Henríquez Ureña Depósito 25.11.2021 Depósito legal   BNPHU PD 972.93053 T866g 2021-28345 25.11.2021 25.11.2021 Libro e.2
    Dewey Decimal Classification Préstamo en sala   Dominicana de Servicio Biblioteca Nacional Pedro Henríquez Ureña Biblioteca Nacional Pedro Henríquez Ureña Depósito 25.11.2021 Depósito legal   BNPHU DS 972.93053 T866g 2021-28346 25.11.2021 25.11.2021 Libro e.3

Powered by Koha